<?xml version="1.0" encoding="UTF-8"?>
<record
    xmlns:xsi="http://www.w3.org/2001/XMLSchema-instance"
    xsi:schemaLocation="http://www.loc.gov/MARC21/slim http://www.loc.gov/standards/marcxml/schema/MARC21slim.xsd"
    xmlns="http://www.loc.gov/MARC21/slim">

  <leader>01407nam a2200277Ia 4500</leader>
  <controlfield tag="003">OSt</controlfield>
  <controlfield tag="005">20200930230100.0</controlfield>
  <controlfield tag="008">191128s2012    mx ao  gr     000 0dspa d</controlfield>
  <datafield tag="020" ind1=" " ind2=" ">
    <subfield code="a">9786070054969</subfield>
  </datafield>
  <datafield tag="040" ind1=" " ind2=" ">
    <subfield code="a">CO-JMCR</subfield>
    <subfield code="c">CO-JMCR</subfield>
  </datafield>
  <datafield tag="041" ind1="0" ind2=" ">
    <subfield code="a">spa</subfield>
  </datafield>
  <datafield tag="082" ind1="0" ind2="4">
    <subfield code="a">928 /</subfield>
    <subfield code="b">A321v</subfield>
    <subfield code="2">23</subfield>
  </datafield>
  <datafield tag="100" ind1="1" ind2=" ">
    <subfield code="a">Alarc&#xF3;n, &#xD3;scar, </subfield>
    <subfield code="e">autor</subfield>
    <subfield code="9">11090</subfield>
  </datafield>
  <datafield tag="245" ind1="1" ind2="0">
    <subfield code="a">Veintiuno : </subfield>
    <subfield code="b">charlas con 20 escritores / </subfield>
    <subfield code="c">&#xD3;scar Alarc&#xF3;n ; edici&#xF3;n, Mauricio Bares ; revisi&#xF3;n, Daniel Espartaco S&#xE1;nchez</subfield>
  </datafield>
  <datafield tag="250" ind1=" " ind2=" ">
    <subfield code="a">Primera edici&#xF3;n</subfield>
  </datafield>
  <datafield tag="260" ind1=" " ind2=" ">
    <subfield code="a">Puebla : </subfield>
    <subfield code="b">Nitro/Press : Benem&#xE9;rita Universidad Aut&#xF3;noma de Puebla, </subfield>
    <subfield code="c">2012</subfield>
  </datafield>
  <datafield tag="300" ind1=" " ind2=" ">
    <subfield code="a">173 p&#xE1;ginas : </subfield>
    <subfield code="b">fotograf&#xED;as a blanco y negro ; </subfield>
    <subfield code="c">22 cm.</subfield>
  </datafield>
  <datafield tag="500" ind1=" " ind2=" ">
    <subfield code="a">Incluye datos biogr&#xE1;ficos del autor en solapa posterior.</subfield>
  </datafield>
  <datafield tag="505" ind1="0" ind2=" ">
    <subfield code="a">Andr&#xE9;s Acosta -- Jaime Mesa -- Luigi Amara -- Guillermo Rubio -- Fernando del Paso -- Iv&#xE1;n Far&#xED;as -- Ricardo Cartas -- Paco ignacio Taibo II -- Eduardo Huch&#xED;n Sosa -- Juan Villoro -- Rodrigo Duran -- Carlos Fuentes -- Alberto</subfield>
  </datafield>
  <datafield tag="520" ind1="3" ind2=" ">
    <subfield code="a">&#xD3;scar Alarc&#xF3;n rescata del desuso un g&#xE9;nero editorial casi olvidado: el libro de entrevistas. Y en Veintiuno-Charlas con 20 escritores nos lo devuelve alegre.</subfield>
  </datafield>
  <datafield tag="650" ind1="1" ind2="4">
    <subfield code="a">Autores</subfield>
    <subfield code="x">entrevistas   </subfield>
    <subfield code="9">11091</subfield>
  </datafield>
  <datafield tag="650" ind1="1" ind2="4">
    <subfield code="a">Literatura latinoamericana</subfield>
    <subfield code="x">historia y cr&#xED;tica</subfield>
    <subfield code="9">11092</subfield>
  </datafield>
  <datafield tag="700" ind1="1" ind2=" ">
    <subfield code="a">Bares, Mauricio, </subfield>
    <subfield code="e">editor</subfield>
    <subfield code="9">11093</subfield>
  </datafield>
  <datafield tag="700" ind1="1" ind2=" ">
    <subfield code="a">Espartaco S&#xE1;nchez, Daniel, </subfield>
    <subfield code="e">revisor</subfield>
    <subfield code="9">11094</subfield>
  </datafield>
  <datafield tag="942" ind1=" " ind2=" ">
    <subfield code="2">ddc</subfield>
    <subfield code="c">BK</subfield>
  </datafield>
  <datafield tag="999" ind1=" " ind2=" ">
    <subfield code="c">4196</subfield>
    <subfield code="d">4196</subfield>
  </datafield>
  <datafield tag="952" ind1=" " ind2=" ">
    <subfield code="0">0</subfield>
    <subfield code="1">0</subfield>
    <subfield code="2">ddc</subfield>
    <subfield code="4">0</subfield>
    <subfield code="7">0</subfield>
    <subfield code="8">NFIC</subfield>
    <subfield code="a">CPL</subfield>
    <subfield code="b">CPL</subfield>
    <subfield code="d">2018-08-24</subfield>
    <subfield code="e">Donaci&#xF3;n</subfield>
    <subfield code="o">928 / A321v </subfield>
    <subfield code="p">201809021</subfield>
    <subfield code="r">2024-05-16 00:00:00</subfield>
    <subfield code="t">Ej.1</subfield>
    <subfield code="y">BK</subfield>
  </datafield>
</record>
